000 005030000a22001690004500
090 _aAR
_b02296
245 1 0 _aPalabra y la planta: clasificación botánica Huitoto
650 1 4 _aEtnobotánica
_992498
650 1 4 _aAntropología
_994371
650 1 4 _aIndígenas
_993177
650 1 4 _aHuitoto
_995240
651 4 _mAraracuara
_dCaquetá
_pColombia
_992749
041 0 _aEspañol
100 1 _aLópez Alvarez, María Cecilia
_924310
942 _cARTICULO
773 1 _tCespedesia
_3124
_h67
_q270-289
_d1996
_g21
999 _c11368
_d11368